000 00621cam a22002171 4500
001 8761561
003 ARRUPE
005 20160428114500.0
008 770824s1934 enk 000 0 eng
010 _a 34023286
035 _a(OCoLC)3214139
040 _aDLC
_cNmU
_dOCoLC
_dDLC
050 0 0 _aPZ3.Y8575
_bTh
_aPR6047.O47
100 1 _aYoung, Francis Brett,
_d1884-1954.
_99468
245 1 0 _aThis little world.
_cFrancis Brett Young
250 _a2nd.
260 _aLondon,
_bW. Heinemann, ltd.
_c[1934]
300 _a609 p.
_c21 cm.
906 _a7
_bcbc
_coclcrpl
_du
_encip
_f19
_gy-gencatlg
942 _2lcc
_cMONOGRAPH
999 _c124760
_d124760